Premier League Teams 23/24 - Chelsea - Statistics

General Stats
  • This quiz has been taken 19 times
  • The average score is 10 of 21
Answer Stats
Question Answer % Correct
What is the name of their stadium? Stamford Bridge
100%
What is the colour of their home kit? Blue
94%
With 211 goals, who is their record goal scorer? Frank Lampard
94%
Who is their head Coach? Mauricio Pochettino
94%
What is their nickname? The Blues
94%
Which team is their closest rival? Fulham
82%
Who is the chairman? Todd Boehly
76%
How many top division titles have they won? Six
71%
Which year did they win their most recent top division title? 2017
65%
Which company sponsors their kit? Infinite Athlete
47%
How many consecutive seasons in the top division? 35
41%
With 795 games, who has played the most for them? Ron Harris
29%
Their record league win was 8-0 in 2010 and 2012. Can you name either of their opponents? Wigan AthleticAston Villa
24%
Their biggest loss was against Wolverhampton Wanderers in 1953. What was the score? 8-1
18%
Their record home attendance was against Arsenal in 1935. How many were there. (To the nearest 1,000) 82,905
18%
Who is the owner of the club? (If more than one owner, use the person/company with the majority stake) BlueCo
18%
Their oldest first team player was 41 years, 218 days. Who was it? Mark Schwarzer
6%
...and what does it mean in English? Without God, it is all in vain
6%
Their youngest first team player was only 16 years, 138 days. What was his name? Ian Hamilton
0%
Their record cup win was 13-0 in 1971. Who was it against? Jeunesse Hautcharage
0%
What is their motto? Nisi Domius Frustra
0%
No matching quizzes found
Score Distribution
Percent of People with Each Score
Percentile by Number Answered
Your Score History
You have not taken this quiz